000 00276nam a22001337a 4500
003 SGT
020 _a9788186685600
082 _a920
_bE03N
100 _aNASHVILLE
245 _aENCOUNTER THE ENLIGHTENED
260 _b WISDOM TREE
_c2003
300 _a289
942 _2ddc
_cBK
999 _c32033
_d32033